Ligne 8 du Métro Parisien - Statistiques

Statistiques générales
  • Ce quiz a été pris 1 398 fois
  • Le résultat moyen est 24 sur 38
Statistiques - réponses
n gares correspondances % Correct
1 Balard T 2 3a
94%
17 République M 3 5 9 11
83%
12 Opéra M 3 7RER A
80%
21 Bastille M 1 5
78%
36 Créteil - Université
75%
38 Pointe du Lac C 1
75%
11 Madeleine M 12 14
74%
10 Concorde M 1 12
73%
16 Strasbourg - Saint-Denis M 4 9
73%
9 Invalides M 13RER C
71%
28 Porte Dorée T 3a
71%
26 Daumesnil M 6
70%
24 Reuilly - Diderot M 1
70%
15 Bonne-Nouvelle M 9
69%
29 Porte de Charenton T 3a
69%
37 Créteil - Préfecture
68%
18 Filles du Calvaire
68%
14 Grands Boulevards M 9
68%
7 Ecole Militaire
65%
6 La Motte-Picquet - Grenelle M 6 10
64%
35 Créteil - L'Echat
63%
5 Commerce
59%
30 Liberté
58%
2 Lourmel
58%
4 Félix Faure
56%
3 Boucicaut
55%
13 Richelieu - Drouot M 9
55%
33 Maisons-Alfort - Stade
53%
31 Charenton - Ecoles
51%
20 Chemin Vert
51%
27 Michel Bizot
51%
22 Ledru-Rollin
50%
32 Ecole Vétérinaire de Maisons-Alfort
49%
8 La Tour-Maubourg
49%
25 Montgallet
48%
23 Faidherbe - Chaligny
45%
19 Saint-Sébastien - Froissart
43%
34 Maisons-Alfort - Les Juilliottes
42%
Aucun quiz correspondant
Distribution des résultats
% des personnes avec chaque résultat
Percentile par nombre de réponses
Votre historique - résultats
Vous n’avez pas pris ce quiz